| 000 | 00391nam a22001697a 4500 | ||
|---|---|---|---|
| 003 | OSt | ||
| 008 | 250416b |||||||| |||| 00| 0 eng d | ||
| 020 | _a9789361599712 | ||
| 082 | _a658.15 CHF | ||
| 100 | _aCHUGH,Aman | ||
| 245 | _aFinancial Management | ||
| 250 | _a1st IMP | ||
| 260 |
_aNew Delhi _bPearson _c2025 |
||
| 300 | _a421 | ||
| 650 | _aFinancial Management | ||
| 942 |
_2ddc _cBK |
||
| 999 |
_c13293 _d13293 |
||